Routes et chemins vicinauxe / (Record no. 135976)

MARC details
000 -LEADER
campo de control de longitud fija 00582nam a2200193 4500
001 - NÚMERO DE CONTROL
campo de control 135976
003 - IDENTIFICADOR DE NÚMERO DE CONTROL
campo de control ES-MaACL
005 - FECHA Y HORA DE LA ÚLTIMA TRANSACCIÓN
campo de control 20230906195014.0
007 - CAMPO FIJO DE DESCRIPCIÓN FÍSICA--INFORMACIÓN GENERAL
campo de control de longitud fija t|
008 - DATOS DE LONGITUD FIJA--INFORMACIÓN GENERAL
campo de control de longitud fija 070214s1901 fr r ||||1| fre d
100 1# - ENTRADA PRINCIPAL--NOMBRE DE PERSONA
Nombre de persona Roux, O.
9 (RLIN) 100114
245 10 - MENCIÓN DEL TÍTULO
Título Routes et chemins vicinauxe /
Mención de responsabilidad, etc. O. Roux.
260 ## - PUBLICACIÓN, DISTRIBUCIÓN, ETC.
Lugar de publicación, distribución, etc. [s.l.] :
Nombre del editor, distribuidor, etc. [s.n.],
Fecha de publicación, distribución, etc. 1901 (
Fabricante Imp. Deslis Fréres)
300 ## - DESCRIPCIÓN FÍSICA
Extensión XI, 579 p. ;
Dimensiones 19 cm.
490 1# - MENCIÓN DE SERIE
Mención de serie Bibliothéque du conducteur de travaux publis
830 0# - PUNTO DE ACCESO ADICIONAL DE SERIE-TÍTULO UNIFORME
Título uniforme Bibliothéque du conducteur de travaux publis
9 (RLIN) 219964
852 ## - LOCALIZACIÓN
Ubicación ES-MaACL
Número de control de estantería F-2040
Holdings
Estatus retirado Estado de pérdida Estado de daño No para préstamo Biblioteca de origen Biblioteca actual Ubicación en estantería Fecha de adquisición Fuente de adquisición Total de préstamos Signatura topográfica completa Código de barras Visto por última vez Precio de reemplazo Tipo de ítem Koha
        Biblioteca del Ateneo de Madrid Biblioteca del Ateneo de Madrid Depósito 2 17/01/2008     F-2040 1141519 23/02/2023 23/02/2023 Libro impreso antiguo